000 00282nam a2200121Ia 4500
008 140130s9999 xx 000 0 und d
245 _cRaschka, Chris
_aCharlie Parker played be bop
260 _bScholastic,
_c1992
440 _v1
521 _aBR
942 _cBK
999 _c39859
_d39859